00257nam a2200109Ia 4500008004100000100001500041245003800056260002300094300000800117942000700125999001500132190216s9999||||xx |||||||||||||| ||und|| aTandom B N 0aQuestions And Answers On Auditing bS Chand & Coc1989 a80p cBK c5435d5435